LEADER 01022nam a2200277 i 4500 001 000000233250 003 CaOOAMICUS 005 20140917000000.0 008 140917s1994 it u000 u ita u 013 $a212153 020 $a88-7198-300-9 040 $aSeMil$bita 100 1 $aReich, Wilhelm <1897-1957>.$0(OLS)http://semarc/name/24212 245 13$aIl coito e i sessi /$cWilhelm Reich. 250 $anuova ed. 260 $aMilano :$bSugarCo,$c1994. 300 $a133 p. ;$c20 cm. 490 0 $aTasco : tascabili Sugarco ;$v16 650 4$aSesso - Psicologia.$0(OLS)http://semarc/subject/4714 830 0$aTasco ;$v16.$0(OLS)http://semarc/title/7377 850 $aSeMil 852 $aSeMil$W1$xVenegono$y1$m2O I 98$j183596$B183596$CSeMilBibl$Z2$F194721 $81 961 $aLascito: Serenthŕ don Mario 996 $6020$a88-7198-300-9$9(OLS)http://semarc/number/237157 996 $6245$aIl coito e i sessi$9(OLS)http://semarc/title/332843 996 $6260$aMilano :$bSugarCo$9(OLS)http://semarc/publisher/30260 LEADER 01023nam a2200253 i 4500 001 000000059989 003 CaOOAMICUS 005 20251015165226.0 008 980213s1968 rm u000 u fre u 013 $a31161 040 $aSeMil$bita 245 12$aL'Église orthodoxe roumaine. 250 $a2. éd. 260 $aBucarest :$bÉditions de l'Institut biblique et de mission orthodoxe,$c1968. 300 $a87 p., [14] p. di tav. :$bill. ;$c19 cm. 650 4$aChiesa Ortodossa Rumena.$0(OLS)http://semarc/subject/12585 650 4$aRomania - Storia religiosa.$0(OLS)http://semarc/subject/42549 850 $aSeMil 852 $aSeMil$W1$xVenegono$y1$m3B I 39$j263329$B26142$CSeMilBibl$Z2$F26145 $81 941 1 $a3 961 $aLascito: Colombo Card. Giovanni. -- Con dedica autografa 996 $6245$aL'Église orthodoxe roumaine$9(OLS)http://semarc/title/93888 996 $6260$aBucarest :$bÉditions de l'Institut biblique et de mission orthodoxe$9(OLS)http://semarc/publisher/42131